| 000 | 00666cam a2200265ua 4500 | ||
|---|---|---|---|
| 020 |
_a81-7818-002-4 _c69.50 |
||
| 041 |
_aeng _h |
||
| 082 |
_a604.21 _bRAJ/CI |
||
| 100 | _aRajvir Singh, Malik . | ||
| 245 |
_aCivil engineering drawing / _cRajvir Singh Malik. _hTextual Documents |
||
| 250 |
_a4 / _b. |
||
| 260 |
_aDelhi : _bNew Asian Publishers , _c1994. |
||
| 300 | _a582 ; . | ||
| 365 | _a69.50 | ||
| 504 | _a | ||
| 700 | 1 | _aGurudev Singh, Meo . | |
| 942 | _cBK | ||
| 999 |
_c10268 _d10268 |
||